Turista ako votrelec. Problémy a riešenie problémov príliš masového turizmu na začiatku 21. storočia
Nový fenomén pomenovaný ako „overtourism“ voľne preložiteľný ako prílišný, nadmerný či príliš masový turizmus. Definícia nadmerného turizmu podľa Svetovej organizácie cestovného ruchu. Masový turizmus. Zahraniční návštevníci vo vybraných európskych metropolách (2010 a 2017). Negatívne účinky masovéh...
Saved in:
| Main Author: | |
|---|---|
| Other Authors: | |
| Format: | Book Chapter |
| Language: | Slovak |
| Subjects: | |
| Tags: |
No Tags, Be the first to tag this record!
|
MARC
| LEADER | 00000naa a2200000 4500 | ||
|---|---|---|---|
| 001 | 0262631 | ||
| 005 | 20251210125856.6 | ||
| 041 | 0 | |a slo | |
| 044 | |a CZ | ||
| 245 | 1 | 0 | |a Turista ako votrelec. Problémy a riešenie problémov príliš masového turizmu na začiatku 21. storočia |c Marián Lukáč, Pavel Hronček |
| 520 | |a Nový fenomén pomenovaný ako „overtourism“ voľne preložiteľný ako prílišný, nadmerný či príliš masový turizmus. Definícia nadmerného turizmu podľa Svetovej organizácie cestovného ruchu. Masový turizmus. Zahraniční návštevníci vo vybraných európskych metropolách (2010 a 2017). Negatívne účinky masového cestovného ruchu. Porovnanie zahraničnej návštevnosti Grécka a Tuniska v rokoch 2010-2018. Overtourism - nadmerný (prílišný) cestovný ruch. | ||
| 610 | 2 | 0 | |a ruch cestovný |
| 610 | 2 | 0 | |a ruch cestovný nadmerný |
| 610 | 2 | 0 | |a ruch cestovný medzinárodný |
| 610 | 2 | 0 | |a regióny |
| 610 | 2 | 0 | |a mestá |
| 610 | 2 | 0 | |a regulácia |
| 610 | 2 | 0 | |a manažment |
| 100 | 1 | |a Lukáč, Marián | |
| 700 | 1 | |a Hronček, Pavel | |